Труды Оренбургской ученой архивной комиссии. Вып. 22: Древности Киргизской степи и Оренбургского края (Запись № 12176461)

Подробности
000 -МАРКЕР
контрольное поле 02179nam2a2200337 4500
001 - ИДЕНТИФИКАТОР ЗАПИСИ
контрольное поле RU\NLR\19V\937838
005 - ИДЕНТИФИКАТОР ВЕРСИИ
контрольное поле 20250626085554.0
035 ## - ДРУГИЕ СИСТЕМНЫЕ НОМЕРА
Идентификатор записи (NLR Aleph) 011537215
100 ## - ДАННЫЕ ОБЩЕЙ ОБРАБОТКИ
Данные общей обработки 20171122d1910 |||y0rusy50 ca
101 0# - ЯЗЫК РЕСУРСА
Язык текста, звукозаписи и т.д. русский
-- французский
102 ## - СТРАНА ПУБЛИКАЦИИ ИЛИ ПРОИЗВОДСТВА
Страна публикации Российская Федерация
105 ## - ПОЛЕ КОДИРОВАННЫХ ДАННЫХ: ТЕКСТОВЫЕ МАТЕРИАЛЫ, МОНОГРАФИЧЕСКИЕ
Кодированные данные о монографическом текстовом документе a|||z|||000zy
200 1# - ЗАГЛАВИЕ И СВЕДЕНИЯ ОБ ОТВЕТСТВЕННОСТИ
Основное заглавие Древности Киргизской степи и Оренбургского края
Параллельное заглавие Antiquités des Steppes Kirghizes et du Pays d'Orenbourg
Первые сведения об ответственности составил И. А. Кастанье, вице-президент Оренбургской ученой архивной комиссии, хранитель Музея
Язык параллельного заглавия французский
210 ## - ПУБЛИКАЦИЯ, РАСПРОСТРАНЕНИЕ И ДР.
Место издания, распространения и т.д. Оренбург
Имя издателя, распространителя и т. д. Типо-литография Т-ва "Каримов, Хусаинов и К­о" в Оренбурге
Дата издания, распространения и т.д. 1910
215 ## - ФИЗИЧЕСКАЯ ХАРАКТЕРИСТИКА
Специфическое обозначение материала и объем [2], XVIII, 332 с., 21 л. ил.
Другие сведения о физической характеристике ил.
Размеры 36
300 ## - ОБЩИЕ ПРИМЕЧАНИЯ
Текст примечания Авт. также на фр. яз.: J.A. Castagné, vice-president de la Commission scientifique des archives, conservateur du Musée d'Orenbourg
300 ## - ОБЩИЕ ПРИМЕЧАНИЯ
Текст примечания Часть текста парал.: рус., фр.
461 #0 - УРОВЕНЬ НАБОРА
Встроенное поле 001v19\rc\1251179
-- 2001#$aТруды Оренбургской ученой архивной комиссии$vВып. 22
Системный номер (АБИС) связанной записи 3958533
Автор Оренбургская ученая архивная комиссия
Место публикации Оренбург
Дата публикации 1889
Имя издателя, распространителя и т.д. Типо-лит. Губ. правления
Заглавие Труды Оренбургской ученой архивной комиссии
Номер тома Вып. 22
510 1# - ПАРАЛЛЕЛЬНОЕ ЗАГЛАВИЕ
Связь между полями z11790
Параллельное заглавие Antiquités des Steppes Kirghizes et du Pays d'Orenbourg
Язык заглавия французский
701 #1 - ИМЯ ЛИЦА - АЛЬТЕРНАТИВНАЯ ОТВЕТСТВЕННОСТЬ
Графика поля Кириллица
Материалы, к которым относится поле rus
Начальный элемент ввода Кастанье
Часть имени, кроме начального элемента ввода И. А.
Дополнения к именам, кроме дат археолог, востоковед
Даты 1875-1958
Расширение инициалов личного имени Иосиф Антонович
Системный номер авторитетной/нормативной записи 181172
Идентификатор авторитетной/нормативной записи RU\NLR\AUTH\770181223
790 #1 - ИМЯ ЛИЦА - АЛЬТЕРНАТИВНАЯ ФОРМА
Графика поля Латинская
Материалы, к которым относится поле fre
Начальный элемент ввода Castagné
Часть имени, кроме начального элемента ввода J. A.
Дополнения к именам, кроме дат археолог, востоковед
Даты 1875-1958
Расширение инициалов личного имени Joseph Antoine
Системный номер авторитетной/нормативной записи 181188
Идентификатор авторитетной/нормативной записи RU\NLR\AUTH\770181239
801 #0 - ИСТОЧНИК ЗАПИСИ
Страна Российская Федерация
Организация NLR
Дата составления 20171122
Правила каталогизации psbo
801 #1 - ИСТОЧНИК ЗАПИСИ
Страна Российская Федерация
Организация NLR
Дата составления 20171122
Источник данных rusmarc
801 #2 - ИСТОЧНИК ЗАПИСИ
Страна Российская Федерация
Организация NLR
Дата составления 20171123
Источник данных rusmarc
852 ## - МЕСТОНАХОЖДЕНИЕ И ШИФР ХРАНЕНИЯ
Идентификатор организации NLR
Шифр хранения (Call Number) 38.78.1.94(22)
852 ## - МЕСТОНАХОЖДЕНИЕ И ШИФР ХРАНЕНИЯ
Идентификатор организации NLR
Наименование фонда или коллекции (Sub-Location Identifier) Мф
Шифр хранения (Call Number) К-1/12671
852 ## - МЕСТОНАХОЖДЕНИЕ И ШИФР ХРАНЕНИЯ
Идентификатор организации NLR
Наименование фонда или коллекции (Sub-Location Identifier) Мф
Шифр хранения (Call Number) К1/36133 (22)
942 ## - ДОПОЛНИТЕЛЬНЫЕ ЭЛЕМЕНТЫ ЗАПИСИ (АБИС)
Тип экземпляра АБИС Книга
980 ## - КОЛЛЕКЦИЯ
Название коллекции Национальная библиография
Экземпляры
Тип экземпляра Дата поступления Библиотека постоянного хранения Библиотека текущего хранения Место хранения Шифр хранения Штрих-код Статус экземпляра
Микрофильм 20.12.2022 РНБ (Московский) РНБ (Московский) Фонд микроформ Мф К-1/12671 11537215-20  
Микрофильм 20.12.2022 РНБ (Московский) РНБ (Московский) Фонд микроформ Мф К1/36133 (22) 11537215-30  
Книга 20.12.2022 РНБ (Садовая) РНБ (Садовая) Русский книжный фонд -Главное здание, Ленинский читальный зал 38.78.1.94(22) 11537215-10